000 01087 a2200205 4500
020 _a0395472075
020 _a9780395472071
082 0 4 _a658.022
090 _c2853
_d2853
100 1 _aSiropolis, Nicholas C.
245 1 0 _aSmall business management /
_cNicholas C. Siropolis.
250 _a5th ed.
260 _a[S.l.] :
_bHoughton Mifflin College Div,
_c1993.
300 _a672 p. ;
_c24 cm.
500 _aHardcover.
520 _aWith an abundance of cases and a practical approach, this is a manual for managing or starting a small business. The emphasis on developing analytical thinking aims to help students to become effective decision-makers. The book contains 60 real-life case studies provide practical examples of business theory, and addresses issues such as quality, diversity, ethics, social responsibility and international opportunities.
856 4 0 _3Amazon.com
_uhttp://www.amazon.com/exec/obidos/ASIN/0395472075/chopaconline-20
856 4 0 _3Amazon customer reviews
_uhttp://www.chopac.org/cgi-bin/tools/azrev.pl?q=0395472075
942 _aNBS
_cBK
_k658.022 SIR
999 _c345343
_d345343